| 000 | 00409nam a22001577a 4500 | ||
|---|---|---|---|
| 003 | BD-ChCU | ||
| 005 | 20260624113134.0 | ||
| 040 | _cBD-ChCU | ||
| 082 | _a331.1 USS | ||
| 100 |
_aUsenin , V . _924218 |
||
| 245 |
_aSocial partnership or class struggle ./ _cV. Usenin . |
||
| 260 |
_aMoscow : _bProgress , _cC 1973 |
||
| 300 | _a258p. | ||
| 650 | 0 |
_aLabour and Labouring classes . _924219 |
|
| 942 |
_2ddc _cBK _n0 |
||
| 999 |
_c113585 _d113585 |
||